This is a hold-up (Record no. 73086)
[ view plain ]
| 000 -LEADER | |
|---|---|
| fixed length control field | 00966cam a2200217 4500 |
| 001 - CONTROL NUMBER | |
| control field | ABS66865 |
| 008 - FIXED-LENGTH DATA ELEMENTS--GENERAL INFORMATION | |
| fixed length control field | 030722n2003 000 0 eng u |
| 035 ## - SYSTEM CONTROL NUMBER | |
| System control number | (Sirsi) u123079 |
| 100 ## - MAIN ENTRY--PERSONAL NAME | |
| Personal name | Hemsley, A. |
| 245 ## - TITLE STATEMENT | |
| Title | This is a hold-up |
| 260 ## - PUBLICATION, DISTRIBUTION, ETC. | |
| Date of publication, distribution, etc. | 2003 |
| 490 ## - SERIES STATEMENT | |
| Series statement | Building |
| Volume/sequential designation | 268(8283) 16 May 2003, 56(1) |
| 520 ## - SUMMARY, ETC. | |
| Summary, etc. | Suggests ways of making a claim for losses caused by disruption when proving how much the disruption cost is difficult. Concludes that it can be summarised as the loss of productivity. Recommends the only reliable method of calculation is to calculate and cost each different area of productivity which has been affected by the disruption. |
| 590 ## - LOCAL NOTE (RLIN) | |
| Local note | ABS |
| 650 ## - SUBJECT ADDED ENTRY--TOPICAL TERM | |
| Topical term or geographic name entry element | DISRUPTION |
| 650 ## - SUBJECT ADDED ENTRY--TOPICAL TERM | |
| Topical term or geographic name entry element | LOSSES |
| 650 ## - SUBJECT ADDED ENTRY--TOPICAL TERM | |
| Topical term or geographic name entry element | BUILT ENVIRONMENT-BUILDING CONTRACT FORMS-STANDARD FORMS OF BUILDING CONTRACT-JOINT CONTRACTS TRIBNUAL CONTRACTS |
| 650 ## - SUBJECT ADDED ENTRY--TOPICAL TERM | |
| Topical term or geographic name entry element | PRODUCTIVITY LOSSES |
| 690 ## - LOCAL SUBJECT ADDED ENTRY--TOPICAL TERM (OCLC, RLIN) | |
| Topical term or geographic name as entry element | BUILT ENVIRONMENT-BUILDING CONTRACT FORMS |
| 942 ## - ADDED ENTRY ELEMENTS (KOHA) | |
| Suppress in OPAC | 0 |
| Withdrawn status | Lost status | Source of classification or shelving scheme | Damaged status | Not for loan | Home library | Current library | Shelving location | Date acquired | Total Checkouts | Full call number | Barcode | Date last seen | Copy number | Price effective from | Koha item type |
|---|---|---|---|---|---|---|---|---|---|---|---|---|---|---|---|
| Dewey Decimal Classification | London | London | Journal article | 22/07/2003 | ABS66865 | 123079-1001 | 06/08/2019 | 1 | 06/08/2019 | Journal article |